[Event "GBR-ch 107th"]
[Site "Hull"]
[Date "2021.10.02"]
[Round "1.1"]
[White "Brooks, Phil J"]
[Black "Pert, Nicholas"]
[Result "1/2-1/2"]
[WhiteElo "2191"]
[BlackElo "2548"]
[PlyCount "75"]
[EventDate "2021.10.02"]
[EventType "swiss"]
[EventRounds "9"]
[EventCountry "GBR"]
[SourceTitle "BritBase"]
[Source "John Saunders"]
[SourceDate "2021.06.05"]
[SourceVersion "1"]
[SourceVersionDate "2021.06.05"]
[SourceQuality "1"]

1. d4 Nf6 2. Nf3 e6 3. e3 b6 4. Bd3 Bb7 5. O-O c5 6. c4 d6 7. Nc3 Nbd7 8. Re1
Be7 9. Bf1 cxd4 10. exd4 O-O 11. Bf4 a6 12. a4 d5 13. Ne5 Nxe5 14. dxe5 Ne4 15.
Nxe4 dxe4 16. Qxd8 Rfxd8 17. Red1 h6 18. Be2 Bc5 19. Rxd8+ Rxd8 20. Rd1 Rxd1+
21. Bxd1 Kf8 22. Be3 Bxe3 23. fxe3 f6 24. exf6 gxf6 25. Kf2 Ke7 26. Ke1 Kd6 27.
Kd2 Kc5 28. Kc3 a5 29. b3 f5 30. g3 Bc8 31. Be2 Bd7 32. Bd1 e5 33. Be2 Be8 34.
Bd1 Bg6 35. Be2 Bf7 36. Bd1 Be8 37. Be2 Bg6 38. Bd1 1/2-1/2

[Event "GBR-ch 107th"]
[Site "Hull"]
[Date "2021.10.02"]
[Round "1.2"]
[White "Gormally, Daniel W"]
[Black "Webb, Laurence E"]
[Result "1-0"]
[WhiteElo "2480"]
[BlackElo "2184"]
[PlyCount "87"]
[EventDate "2021.10.02"]
[EventType "swiss"]
[EventRounds "9"]
[EventCountry "GBR"]
[SourceTitle "BritBase"]
[Source "John Saunders"]
[SourceDate "2021.06.05"]
[SourceVersion "1"]
[SourceVersionDate "2021.06.05"]
[SourceQuality "1"]

1. d4 Nf6 2. c4 e6 3. Nf3 Bb4+ 4. Nbd2 O-O 5. e3 d5 6. a3 Be7 7. Bd3 b6 8. O-O
Bb7 9. b4 Nbd7 10. Rb1 Ne4 11. Qc2 f5 12. Nb3 Rc8 13. c5 c6 14. Ne5 Qc7 15.
Nxd7 Qxd7 16. f3 Nf6 17. a4 g5 18. Bd2 g4 19. cxb6 axb6 20. a5 bxa5 21. Nc5
Bxc5 22. dxc5 axb4 23. Rxb4 Ra8 24. Bc3 Ba6 25. Bxa6 Rxa6 26. fxg4 Ne4 27. gxf5
Rxf5 28. Rb8+ Kf7 29. Rxf5+ exf5 30. Qe2 Nxc3 31. Qxa6 Qe6 32. Qd3 d4 33. Rb7+
Kg6 34. e4 Nxe4 35. Qxd4 Nf6 36. h3 h6 37. Qf4 Ne4 38. Qc7 Nxc5 39. Qg7+ Kh5
40. Re7 Qc4 41. g4+ fxg4 42. Re5+ Kh4 43. Qxh6+ Kg3 44. Re3# 1-0

[Event "GBR-ch 107th"]
[Site "Hull"]
[Date "2021.10.02"]
[Round "1.3"]
[White "Sucikova, Svetlana"]
[Black "Harvey, Marcus R"]
[Result "1/2-1/2"]
[WhiteElo "2175"]
[BlackElo "2465"]
[PlyCount "93"]
[EventDate "2021.10.02"]
[EventType "swiss"]
[EventRounds "9"]
[EventCountry "GBR"]
[SourceTitle "BritBase"]
[Source "John Saunders"]
[SourceDate "2021.06.05"]
[SourceVersion "1"]
[SourceVersionDate "2021.06.05"]
[SourceQuality "1"]

1. d4 Nf6 2. c4 e6 3. g3 d5 4. Bg2 dxc4 5. Nf3 Bb4+ 6. Bd2 a5 7. O-O Nc6 8. e3
O-O 9. Qe2 e5 10. Nxe5 Nxe5 11. dxe5 Ng4 12. Bxb4 axb4 13. Qxc4 Qe7 14. Nd2
Nxe5 15. Qe4 Re8 16. Nf3 Nxf3+ 17. Qxf3 c6 18. e4 Be6 19. b3 Ra5 20. Qe2 Rea8
21. Qb2 Qf6 22. Rfb1 Qxb2 23. Rxb2 g6 24. Bf3 Ra3 25. Bd1 c5 26. f3 Kf8 27. Kf2
Ke7 28. Bc2 b5 29. Bd1 c4 30. bxc4 Bxc4 31. Rxb4 Rxa2+ 32. Rxa2 Rxa2+ 33. Ke3
Rxh2 34. Ba4 bxa4 35. Rxc4 a3 36. Ra4 a2 37. Ra6 Kd7 38. Kf4 f6 39. g4 h6 40.
e5 g5+ 41. Kg3 Rh1 42. Rxa2 fxe5 43. Ra6 Ke7 44. Rb6 Kf7 45. Ra6 Kg7 46. Re6
Re1 47. Kf2 1/2-1/2

[Event "GBR-ch 107th"]
[Site "Hull"]
[Date "2021.10.02"]
[Round "1.4"]
[White "Hebden, Mark L"]
[Black "Head, Louise"]
[Result "1-0"]
[WhiteElo "2455"]
[BlackElo "2090"]
[PlyCount "69"]
[EventDate "2021.10.02"]
[EventType "swiss"]
[EventRounds "9"]
[EventCountry "GBR"]
[SourceTitle "BritBase"]
[Source "John Saunders"]
[SourceDate "2021.06.05"]
[SourceVersion "1"]
[SourceVersionDate "2021.06.05"]
[SourceQuality "1"]

1. e4 c6 2. d4 d5 3. exd5 cxd5 4. c4 Nf6 5. Nc3 e6 6. Nf3 Be7 7. cxd5 Nxd5 8.
Bd3 Nc6 9. O-O O-O 10. Re1 b6 11. Nxd5 exd5 12. Bxh7+ Kxh7 13. Qc2+ Kg8 14.
Qxc6 Bf5 15. Bf4 Be4 16. Ne5 Bg5 17. Qc1 Bf6 18. Qe3 Bxe5 19. dxe5 Qd7 20. Rad1
Qb5 21. Rd2 Rac8 22. h4 Bf5 23. Qg3 Rc4 24. b3 Rc6 25. h5 Kh7 26. Qg5 Be6 27.
h6 g6 28. Qf6 Rg8 29. Bg5 Qb4 30. Red1 Qf8 31. Rd4 Qe8 32. Qf3 Rc7 33. Rh4 Qc8
34. Qf6 Qf8 35. Qg7+ 1-0

[Event "GBR-ch 107th"]
[Site "Hull"]
[Date "2021.10.02"]
[Round "1.5"]
[White "Starley, Robert"]
[Black "McPhillips, Joseph"]
[Result "0-1"]
[WhiteElo "2057"]
[BlackElo "2425"]
[PlyCount "62"]
[EventDate "2021.10.02"]
[EventType "swiss"]
[EventRounds "9"]
[EventCountry "GBR"]
[SourceTitle "BritBase"]
[Source "John Saunders"]
[SourceDate "2021.06.05"]
[SourceVersion "1"]
[SourceVersionDate "2021.06.05"]
[SourceQuality "1"]

1. e4 e6 2. d4 d5 3. Nc3 h6 4. e5 c5 5. f4 cxd4 6. Qxd4 Nc6 7. Qf2 d4 8. Ne4 f5
9. exf6 gxf6 10. Be2 f5 11. Bh5+ Kd7 12. Ng3 Bc5 13. Bd2 Nf6 14. O-O-O Kc7 15.
Nf3 Qd5 16. b3 Ne4 17. Qe2 a5 18. Rhe1 a4 19. Ne5 axb3 20. axb3 Ba3+ 21. Kb1
Nxd2+ 22. Qxd2 Bb4 23. c3 Qxb3+ 24. Qb2 Ra1+ 25. Kxa1 Bxc3 26. Rd2 Bxb2+ 27.
Rxb2 Qc3 28. Nf3 Bd7 29. Kb1 Qd3+ 30. Kc1 Ra8 31. Rb1 Ra2 0-1

[Event "GBR-ch 107th"]
[Site "Hull"]
[Date "2021.10.02"]
[Round "1.6"]
[White "Arkell, Keith C"]
[Black "Finn, Peter"]
[Result "1/2-1/2"]
[WhiteElo "2380"]
[BlackElo "1959"]
[PlyCount "109"]
[EventDate "2021.10.02"]
[EventType "swiss"]
[EventRounds "9"]
[EventCountry "GBR"]
[SourceTitle "BritBase"]
[Source "John Saunders"]
[SourceDate "2021.06.05"]
[SourceVersion "1"]
[SourceVersionDate "2021.06.05"]
[SourceQuality "1"]

1. Nf3 Nf6 2. c4 e6 3. Nc3 c5 4. g3 Nc6 5. Bg2 d5 6. cxd5 Nxd5 7. Nxd5 Qxd5 8.
O-O Be7 9. d3 O-O 10. Be3 Qd6 11. d4 cxd4 12. Nxd4 Nxd4 13. Bxd4 e5 14. Bc3
Qxd1 15. Rfxd1 f6 16. Bd5+ Kh8 17. Ba5 Rb8 18. Bc7 Ra8 19. Rac1 a5 20. Bb6 Ra6
21. Bc5 Bxc5 22. Rxc5 Rd8 23. Rxc8 Rxc8 24. Bxb7 Raa8 25. Bxc8 Rxc8 26. Rd5 Ra8
27. a4 Kg8 28. Rb5 Kf7 29. f4 exf4 30. gxf4 Re8 31. Rxa5 Rxe2 32. Rb5 Ke6 33.
a5 Kd6 34. Rb7 Kc6 35. Rb6+ Kc7 36. Rb4 Kc6 37. h4 g6 38. Rb6+ Kc7 39. Kf1 Rh2
40. b4 f5 41. b5 Rxh4 42. Rc6+ Kb8 43. Rb6+ Ka7 44. Rf6 Rxf4+ 45. Ke2 Rb4 46.
Rf7+ Kb8 47. Rf8+ Ka7 48. b6+ Kb7 49. Rf7+ Kb8 50. Rxh7 f4 51. Kf3 Rb5 52. Ra7
g5 53. Kg4 Rb3 54. Kf5 f3 55. Kxg5 1/2-1/2

[Event "GBR-ch 107th"]
[Site "Hull"]
[Date "2021.10.02"]
[Round "1.7"]
[White "Willison, Steven"]
[Black "Eggleston, David J"]
[Result "0-1"]
[WhiteElo "1936"]
[BlackElo "2356"]
[PlyCount "56"]
[EventDate "2021.10.02"]
[EventType "swiss"]
[EventRounds "9"]
[EventCountry "GBR"]
[SourceTitle "BritBase"]
[Source "John Saunders"]
[SourceDate "2021.06.05"]
[SourceVersion "1"]
[SourceVersionDate "2021.06.05"]
[SourceQuality "1"]

1. e4 e6 2. d4 d5 3. e5 c5 4. Nf3 Nc6 5. Bd3 Nxd4 6. Nxd4 cxd4 7. Qg4 Ne7 8.
O-O Nc6 9. Bf4 g6 10. Re1 Bg7 11. Nd2 f6 12. exf6 Qxf6 13. Qg3 O-O 14. Bd6 Re8
15. Bb5 e5 16. Bxc6 bxc6 17. Bc5 Bf5 18. f4 exf4 19. Qxf4 Bxc2 20. Qc7 Be4 21.
Rf1 Qe6 22. Rae1 d3 23. Nf3 Qc8 24. Qf4 Qb8 25. Bd6 Qxb2 26. Nd2 Qd4+ 27. Kh1
Bf5 28. Qf3 Qg4 0-1

[Event "GBR-ch 107th"]
[Site "Hull"]
[Date "2021.10.02"]
[Round "1.8"]
[White "Ledger, Andrew J"]
[Black "Stubbs, Oliver"]
[Result "1-0"]
[WhiteElo "2329"]
[BlackElo "1925"]
[PlyCount "119"]
[EventDate "2021.10.02"]
[EventType "swiss"]
[EventRounds "9"]
[EventCountry "GBR"]
[SourceTitle "BritBase"]
[Source "John Saunders"]
[SourceDate "2021.06.05"]
[SourceVersion "1"]
[SourceVersionDate "2021.06.05"]
[SourceQuality "1"]

1. e4 e6 2. d4 d5 3. Nd2 c5 4. exd5 Qxd5 5. Ngf3 cxd4 6. Bc4 Qd6 7. O-O Nf6 8.
Nb3 Nc6 9. Nbxd4 Nxd4 10. Nxd4 Be7 11. c3 O-O 12. Qf3 Qc7 13. Bd3 Bd7 14. Re1
Rfe8 15. h3 Rad8 16. Bf4 Qb6 17. Re2 Bc6 18. Nxc6 Qxc6 19. Qxc6 bxc6 20. Bc2
Nd5 21. Bd2 Rb8 22. Rb1 c5 23. Kf1 c4 24. Be4 Red8 25. g3 Kf8 26. Ke1 Bc5 27.
Kd1 a5 28. Kc2 a4 29. a3 g6 30. Bh6+ Ke7 31. Rbe1 Nb6 32. Bf4 Bd6 33. Be3 Rd7
34. Rd1 Rdd8 35. Bc6 Bc7 36. Rxd8 Rxd8 37. Bxb6 Bxb6 38. Bxa4 Rd3 39. Bc6 f5
40. b4 Kd6 41. Bb5 Rf3 42. Bxc4 Rxf2 43. a4 e5 44. a5 Rxe2+ 45. Bxe2 Bf2 46. g4
e4 47. gxf5 gxf5 48. c4 f4 49. c5+ Kc7 50. Kb3 f3 51. Bd1 Kb8 52. Kc4 Be1 53.
a6 Ka7 54. b5 Bg3 55. Kd5 Bf2 56. Kd6 Bg3+ 57. Kd7 Bb8 58. c6 Kb6 59. a7 Kxa7
60. c7 1-0

[Event "GBR-ch 107th"]
[Site "Hull"]
[Date "2021.10.02"]
[Round "1.9"]
[White "Khoury, Theo"]
[Black "Olson, Hamish"]
[Result "1/2-1/2"]
[WhiteElo "1814"]
[BlackElo "2273"]
[PlyCount "92"]
[EventDate "2021.10.02"]
[EventType "swiss"]
[EventRounds "9"]
[EventCountry "GBR"]
[SourceTitle "BritBase"]
[Source "John Saunders"]
[SourceDate "2021.06.05"]
[SourceVersion "1"]
[SourceVersionDate "2021.06.05"]
[SourceQuality "1"]

1. e4 e5 2. Nf3 Nc6 3. d4 exd4 4. Nxd4 Bc5 5. Nb3 Bb6 6. Nc3 d6 7. Qe2 Nge7 8.
Be3 O-O 9. O-O-O f5 10. f4 fxe4 11. Bxb6 axb6 12. Qxe4 Kh8 13. Bc4 Ng6 14. g3
Bh3 15. Rhe1 Qd7 16. Be6 Bxe6 17. Qxe6 Nge5 18. Qxd7 Nxd7 19. Nd5 Rac8 20. Nd4
Nxd4 21. Rxd4 Nf6 22. Nxf6 Rxf6 23. Re7 Kg8 24. Rde4 Kf8 25. Kd2 Rf7 26. Rxf7+
Kxf7 27. Ke3 Ra8 28. a3 h5 29. f5 Ra5 30. Kf4 Rc5 31. c3 Rd5 32. Re2 Kf6 33.
Re6+ Kf7 34. Re2 g6 35. fxg6+ Kxg6 36. Re7 Rc5 37. h3 Kf6 38. Rd7 Rc4+ 39. Kf3
b5 40. g4 hxg4+ 41. hxg4 Ke6 42. Rh7 d5 43. Rh6+ Ke5 44. Rh5+ Ke6 45. Rh6+ Kf7
46. Rh5 Ke6 1/2-1/2

[Event "GBR-ch 107th"]
[Site "Hull"]
[Date "2021.10.02"]
[Round "1.10"]
[White "Bradbury, Neil H"]
[Black "Mehrafarin, Amirabbas"]
[Result "1-0"]
[WhiteElo "2265"]
[BlackElo "1734"]
[PlyCount "68"]
[EventDate "2021.10.02"]
[EventType "swiss"]
[EventRounds "9"]
[EventCountry "GBR"]
[SourceTitle "BritBase"]
[Source "John Saunders"]
[SourceDate "2021.06.05"]
[SourceVersion "1"]
[SourceVersionDate "2021.06.05"]
[SourceQuality "1"]

1. d4 Nf6 2. c4 e6 3. g3 Bb4+ 4. Bd2 c5 5. Bg2 Bxd2+ 6. Qxd2 cxd4 7. Nf3 Nc6 8.
Nxd4 Nxd4 9. Qxd4 O-O 10. O-O Ne8 11. Nc3 f5 12. Rad1 Qf6 13. f4 h5 14. Bf3 Qg6
15. Kh1 Qh6 16. Rg1 Rf6 17. e4 g5 18. fxg5 Qxg5 19. e5 Rg6 20. Ne2 Qh6 21. Nf4
Rg4 22. h3 Rg5 23. Qf2 Ng7 24. h4 Rg4 25. Kh2 Kh7 26. b3 a5 27. Nh3 a4 28. Bxg4
hxg4 29. Ng5+ Kg6 30. b4 a3 31. Qc5 f4 32. Qe7 fxg3+ 33. Kg2 Qxh4 34. Qf6+ Kh5
1-0

[Event "GBR-ch 107th"]
[Site "Hull"]
[Date "2021.10.03"]
[Round "2.1"]
[White "Eggleston, David J"]
[Black "Gormally, Daniel W"]
[Result "0-1"]
[WhiteElo "2356"]
[BlackElo "2480"]
[PlyCount "114"]
[EventDate "2021.10.02"]
[EventType "swiss"]
[EventRounds "9"]
[EventCountry "GBR"]
[SourceTitle "BritBase"]
[Source "John Saunders"]
[SourceDate "2021.06.05"]
[SourceVersion "1"]
[SourceVersionDate "2021.06.05"]
[SourceQuality "1"]

1. e4 c5 2. Nf3 d6 3. d4 cxd4 4. Nxd4 Nf6 5. Nc3 a6 6. Be3 e5 7. Nf3 Qc7 8. a4
Be7 9. a5 Be6 10. Be2 O-O 11. O-O Nbd7 12. Ng5 Rfc8 13. Nxe6 fxe6 14. Re1 Qc6
15. Bf3 Nc5 16. Bd2 Qe8 17. g3 Rc6 18. Bg2 Qg6 19. Qe2 Rac8 20. Bh3 Qf7 21.
Red1 Ncd7 22. Be1 Nf8 23. Rd2 Qh5 24. Qxh5 Nxh5 25. Rd3 Kf7 26. Bd2 Nd7 27. Be3
Nhf6 28. Bg2 Rc4 29. Bc1 Nc5 30. Re3 Ncd7 31. Re1 Bd8 32. Be3 Ng4 33. Ba7 Ra8
34. Be3 Nxe3 35. Rxe3 Rac8 36. Rd3 Ke7 37. f4 R8c5 38. Rad1 Rc6 39. Ra1 R4c5
40. f5 Bxa5 41. fxe6 Bxc3 42. exd7 Bd4+ 43. Kh1 Rxc2 44. Bh3 Rf2 45. Rf1 Rxf1+
46. Bxf1 Kxd7 47. b3 b5 48. Rf3 Ke7 49. h4 Rc5 50. Kg2 a5 51. g4 Rc2+ 52. Kg3
d5 53. Bd3 Rb2 54. exd5 e4 55. Bxe4 Be5+ 56. Rf4 Rxb3+ 57. Bf3 Rb4 0-1

[Event "GBR-ch 107th"]
[Site "Hull"]
[Date "2021.10.03"]
[Round "2.2"]
[White "Gordon, Frederick"]
[Black "Hebden, Mark L"]
[Result "0-1"]
[WhiteElo "1523"]
[BlackElo "2455"]
[PlyCount "160"]
[EventDate "2021.10.02"]
[EventType "swiss"]
[EventRounds "9"]
[EventCountry "GBR"]
[SourceTitle "BritBase"]
[Source "John Saunders"]
[SourceDate "2021.06.05"]
[SourceVersion "1"]
[SourceVersionDate "2021.06.05"]
[SourceQuality "1"]

1. e4 e5 2. Nf3 Nc6 3. Bc4 Be7 4. d4 d6 5. dxe5 dxe5 6. Qxd8+ Bxd8 7. Nc3 f6 8.
Be3 Na5 9. Bb5+ c6 10. Bd3 b5 11. b4 Nc4 12. Bxc4 bxc4 13. Ke2 Ne7 14. a4 Ng6
15. a5 O-O 16. g3 Be7 17. Rab1 f5 18. Nd2 f4 19. Bc5 f3+ 20. Ke1 Bxc5 21. bxc5
Ba6 22. Nf1 Rf6 23. Ne3 Nf8 24. Rd1 h5 25. Rd6 Re8 26. Kd2 Rxd6+ 27. cxd6 Rd8
28. Nf5 g6 29. Nh4 Rxd6+ 30. Ke3 Nd7 31. Nxf3 Kf7 32. Ng5+ Ke7 33. f4 Rf6 34.
Nf3 Rf8 35. Rb1 Bc8 36. Ne2 exf4+ 37. gxf4 Nf6 38. Ne5 Ng4+ 39. Nxg4 hxg4 40.
Nd4 Kd6 41. e5+ Kd5 42. Rd1 Kc5 43. Rd2 Bf5 44. Re2 Kd5 45. c3 Rh8 46. Kd2 Bd3
47. Rg2 c5 48. Ne2 Ke4 49. Rf2 Rb8 50. Ng3+ Kd5 51. Ke3 Rb3 52. Rd2 Rxc3 53.
Ne4 Rc1 54. Nf6+ Ke6 55. Nxg4 c3 56. Rxd3 Re1+ 57. Kf2 c2 58. Kxe1 c1=Q+ 59.
Ke2 Qxf4 60. h3 Qc4 61. Ke3 Qc1+ 62. Ke4 Qc4+ 63. Ke3 Kf5 64. Kd2 Qa2+ 65. Kd1
c4 66. Re3 Ke6 67. Re2 Qb1+ 68. Kd2 Qd3+ 69. Ke1 Qxh3 70. Ne3 c3 71. Nc2 Qd3
72. Na3 g5 73. Nc2 g4 74. Kf2 g3+ 75. Ke1 Qd5 76. Ne3 Qh1+ 77. Nf1 g2 78. Rf2
gxf1=R+ 79. Rxf1 Qg2 80. Rf2 Qg1+ 0-1

[Event "GBR-ch 107th"]
[Site "Hull"]
[Date "2021.10.03"]
[Round "2.3"]
[White "McPhillips, Joseph"]
[Black "Ledger, Andrew J"]
[Result "1/2-1/2"]
[WhiteElo "2425"]
[BlackElo "2329"]
[PlyCount "57"]
[EventDate "2021.10.02"]
[EventType "swiss"]
[EventRounds "9"]
[EventCountry "GBR"]
[SourceTitle "BritBase"]
[Source "John Saunders"]
[SourceDate "2021.06.05"]
[SourceVersion "1"]
[SourceVersionDate "2021.06.05"]
[SourceQuality "1"]

1. e4 c6 2. d4 d5 3. e5 Bf5 4. Nc3 e6 5. g4 Bg6 6. Nge2 c5 7. h4 h5 8. Nf4 Bh7
9. g5 cxd4 10. Nb5 Be4 11. f3 Bf5 12. Nxd4 Ne7 13. Bd3 Bxd3 14. Qxd3 Nbc6 15.
g6 Nxd4 16. Qxd4 Nxg6 17. Nxg6 fxg6 18. Bg5 Qa5+ 19. Bd2 Bc5 20. Qd3 Qc7 21.
Qxg6+ Qf7 22. Qd3 O-O 23. f4 Qf5 24. Qxf5 Rxf5 25. Ke2 Rc8 26. c3 Rf7 27. Rh3
Kh7 28. Rf1 g6 29. Rd3 1/2-1/2

[Event "GBR-ch 107th"]
[Site "Hull"]
[Date "2021.10.03"]
[Round "2.4"]
[White "Pert, Nicholas"]
[Black "Bradbury, Neil H"]
[Result "1/2-1/2"]
[WhiteElo "2548"]
[BlackElo "2265"]
[PlyCount "158"]
[EventDate "2021.10.02"]
[EventType "swiss"]
[EventRounds "9"]
[EventCountry "GBR"]
[SourceTitle "BritBase"]
[Source "John Saunders"]
[SourceDate "2021.06.05"]
[SourceVersion "1"]
[SourceVersionDate "2021.06.05"]
[SourceQuality "1"]

1. d4 Nf6 2. Nf3 e6 3. c4 Bb4+ 4. Bd2 a5 5. a3 Bxd2+ 6. Qxd2 O-O 7. Nc3 d6 8.
e4 e5 9. dxe5 dxe5 10. Qxd8 Rxd8 11. Nxe5 Re8 12. f4 Nxe4 13. Nxe4 f6 14. c5
fxe5 15. Bc4+ Be6 16. Bxe6+ Rxe6 17. f5 Re7 18. O-O Nc6 19. Rae1 Rd8 20. Re3
Nd4 21. g4 h6 22. h4 Rf8 23. Kg2 b6 24. Rf2 a4 25. cxb6 cxb6 26. Rc3 Rd7 27. h5
Rfd8 28. Rg3 Rf7 29. Re3 Rc7 30. Nc3 b5 31. Rxe5 b4 32. Nd5 Nc6 33. Nxc7 Nxe5
34. Ne6 Rb8 35. Re2 Nc4 36. Nc5 bxa3 37. bxa3 Nxa3 38. Ra2 Rc8 39. Rxa3 Rxc5
40. Rxa4 Rc3 41. Ra7 Rb3 42. Kf2 Rc3 43. Re7 Kf8 44. Re3 Rc4 45. Kf3 Kf7 46.
Re4 Rc3+ 47. Kf4 Rc1 48. Ke5 Ra1 49. Rd4 Re1+ 50. Re4 Ra1 51. Re3 Ra5+ 52. Kf4
Ra1 53. Rd3 Ra4+ 54. Kg3 Ra1 55. Rd7+ Kf6 56. Rd6+ Kf7 57. Rg6 Ra3+ 58. Kh4 Rf3
59. Ra6 Rf1 60. Kh3 Rh1+ 61. Kg2 Rb1 62. Ra7+ Kf6 63. Ra6+ Kf7 64. Re6 Ra1 65.
Kf2 Ra3 66. Re3 Ra2+ 67. Kf3 Ra4 68. Re4 Ra3+ 69. Kf4 Ra1 70. Rd4 Rf1+ 71. Ke5
Re1+ 72. Kf4 Rf1+ 73. Kg3 Rg1+ 74. Kf2 Ra1 75. Rd7+ Kf6 76. Rd6+ Kf7 77. f6
gxf6 78. Rd7+ Kg8 79. Kg3 Ra4 1/2-1/2

[Event "GBR-ch 107th"]
[Site "Hull"]
[Date "2021.10.03"]
[Round "2.5"]
[White "Harvey, Marcus R"]
[Black "Khoury, Theo"]
[Result "1-0"]
[WhiteElo "2465"]
[BlackElo "1814"]
[PlyCount "115"]
[EventDate "2021.10.02"]
[EventType "swiss"]
[EventRounds "9"]
[EventCountry "GBR"]
[SourceTitle "BritBase"]
[Source "John Saunders"]
[SourceDate "2021.06.05"]
[SourceVersion "1"]
[SourceVersionDate "2021.06.05"]
[SourceQuality "1"]

1. c4 Nf6 2. Nf3 c5 3. Nc3 Nc6 4. d4 cxd4 5. Nxd4 e6 6. a3 d5 7. cxd5 Nxd5 8.
Nxc6 bxc6 9. Qc2 Qa5 10. Bd2 Bb4 11. Ne4 Bxd2+ 12. Nxd2 Bb7 13. e3 O-O 14. b4
Qc7 15. Nb3 Rfd8 16. Be2 Qe5 17. O-O Qg5 18. Nc5 Qe7 19. Rab1 Rab8 20. Rfc1 Ba8
21. Nb3 Qg5 22. Qc5 Qe7 23. Bf3 Rb5 24. Qxe7 Nxe7 25. Na5 Rb6 26. Kf1 f6 27.
Rd1 Rbb8 28. Ke2 Kf7 29. Rxd8 Rxd8 30. Rc1 Rc8 31. Rc5 Ke8 32. Nb3 Kd7 33. Ra5
Rc7 34. Be4 f5 35. Bd3 Nd5 36. f4 Kd6 37. Nc5 g6 38. Bc4 Re7 39. Kd3 h6 40. h4
Rc7 41. g3 Re7 42. e4 fxe4+ 43. Nxe4+ Kc7 44. Rxa7+ Bb7 45. Nc5 Kb6 46. Rxb7+
Rxb7 47. Nxb7 Kxb7 48. Bxd5 cxd5 49. g4 Kc6 50. a4 Kb6 51. Kd4 Kc6 52. Ke5 Kb6
53. h5 gxh5 54. gxh5 Kc6 55. Kd4 Kd6 56. b5 Kc7 57. f5 exf5 58. Kxd5 1-0

[Event "GBR-ch 107th"]
[Site "Hull"]
[Date "2021.10.03"]
[Round "2.6"]
[White "Latypova, Olga L"]
[Black "Arkell, Keith C"]
[Result "0-1"]
[WhiteElo "1266"]
[BlackElo "2380"]
[PlyCount "58"]
[EventDate "2021.10.02"]
[EventType "swiss"]
[EventRounds "9"]
[EventCountry "GBR"]
[SourceTitle "BritBase"]
[Source "John Saunders"]
[SourceDate "2021.06.05"]
[SourceVersion "1"]
[SourceVersionDate "2021.06.05"]
[SourceQuality "1"]

1. e4 d6 2. d4 Nf6 3. Nc3 c6 4. a4 Nbd7 5. g3 e5 6. Nge2 exd4 7. Nxd4 Nc5 8.
Bg2 a5 9. O-O Be7 10. h3 O-O 11. Be3 Re8 12. Nde2 Bf8 13. Bxc5 dxc5 14. Qd3
Qxd3 15. cxd3 Be6 16. f4 Rad8 17. e5 Nd5 18. Rf3 Nb4 19. Rd1 Bb3 20. Rd2 Bc4
21. Nc1 f6 22. Rd1 Ba6 23. exf6 gxf6 24. Bf1 f5 25. Nb3 b6 26. Nc1 Bg7 27. g4
Nc2 28. Rd2 Bd4+ 29. Kh2 Ne1 0-1

[Event "GBR-ch 107th"]
[Site "Hull"]
[Date "2021.10.03"]
[Round "2.7"]
[White "Olson, Hamish"]
[Black "Sucikova, Svetlana"]
[Result "1/2-1/2"]
[WhiteElo "2273"]
[BlackElo "2175"]
[PlyCount "127"]
[EventDate "2021.10.02"]
[EventType "swiss"]
[EventRounds "9"]
[EventCountry "GBR"]
[SourceTitle "BritBase"]
[Source "John Saunders"]
[SourceDate "2021.06.05"]
[SourceVersion "1"]
[SourceVersionDate "2021.06.05"]
[SourceQuality "1"]

1. Nf3 d5 2. g3 Nf6 3. Bg2 c6 4. O-O Bg4 5. d4 e6 6. Nbd2 Nbd7 7. Re1 Be7 8. e4
dxe4 9. Nxe4 Nxe4 10. Rxe4 Nf6 11. Re1 Qb6 12. c3 O-O 13. Qb3 Rad8 14. Ne5 Bf5
15. Nc4 Qxb3 16. axb3 a6 17. b4 Nd5 18. Na5 Rd7 19. Nb3 Bd6 20. Nc5 Re7 21. Bf3
Rfe8 22. Bd2 Nb6 23. Nxb7 Rxb7 24. Bxc6 Reb8 25. Bxb7 Rxb7 26. Rxa6 Bd3 27. Ra5
Rb8 28. Rea1 Bc2 29. Ra7 Kf8 30. Bf4 Bxf4 31. gxf4 Ke8 32. c4 Nxc4 33. Rc7 Bb3
34. Raa7 Nd6 35. Re7+ Kf8 36. Red7 Nf5 37. Rxf7+ Kg8 38. Rfb7 Rxb7 39. Rxb7 Bd5
40. Rc7 Nxd4 41. f3 Bxf3 42. Kf2 Bd5 43. Ke3 Nf5+ 44. Kd3 Kf8 45. b5 Ke8 46.
Kc3 Kd8 47. b6 h6 48. Kb4 g5 49. fxg5 hxg5 50. Ka5 g4 51. Ka6 Nd6 52. Ka5 Bf3
53. Kb4 Ne8 54. Rc3 Bd5 55. Ra3 Kc8 56. Ra7 Bb7 57. Kc5 e5 58. Ra1 Bf3 59. Ra3
Kb8 60. Ra7 Bb7 61. Rxb7+ Kxb7 62. Kd5 Ng7 63. Kxe5 Nh5 64. Kf5 1/2-1/2

[Event "GBR-ch 107th"]
[Site "Hull"]
[Date "2021.10.03"]
[Round "2.8"]
[White "Finn, Peter"]
[Black "Brooks, Phil J"]
[Result "1-0"]
[WhiteElo "1959"]
[BlackElo "2191"]
[PlyCount "105"]
[EventDate "2021.10.02"]
[EventType "swiss"]
[EventRounds "9"]
[EventCountry "GBR"]
[SourceTitle "BritBase"]
[Source "John Saunders"]
[SourceDate "2021.06.05"]
[SourceVersion "1"]
[SourceVersionDate "2021.06.05"]
[SourceQuality "1"]

1. e4 e6 2. d4 d5 3. Nc3 Bb4 4. e5 Ne7 5. a3 Bxc3+ 6. bxc3 c5 7. Qg4 Kf8 8. Bg5
Nbc6 9. Bxe7+ Nxe7 10. Nf3 Qa5 11. Kd2 Bd7 12. dxc5 Qxc5 13. Qd4 Rc8 14. Bd3 b6
15. Rhb1 Rc7 16. Qxc5 Rxc5 17. Nd4 Ng6 18. Re1 Ke7 19. a4 Rhc8 20. Ra3 Kd8 21.
Nb5 Bxb5 22. axb5 R8c7 23. g3 Kc8 24. f4 Kb8 25. h4 Nf8 26. h5 Re7 27. h6 g6
28. Ke3 Rc8 29. Kd4 Nd7 30. g4 Nc5 31. f5 Nxd3 32. cxd3 Rc5 33. Rb3 Kb7 34.
fxe6 fxe6 35. Rf1 Rcc7 36. Rf6 a6 37. bxa6+ Kxa6 38. Ra3+ Kb7 39. Ra1 Rcd7 40.
Rf8 Kc6 41. Rc8+ Rc7 42. Rd8 Rcd7 43. Raa8 Rxd8 44. Rxd8 Kc7 45. Rd6 Kb7 46.
Ke3 Kc7 47. Kf4 Rf7+ 48. Kg5 Rf3 49. Rxe6 Rxd3 50. Re7+ Kc6 51. Rxh7 Rxc3 52.
Rh8 d4 53. Rd8 1-0

[Event "GBR-ch 107th"]
[Site "Hull"]
[Date "2021.10.03"]
[Round "2.9"]
[White "Webb, Laurence E"]
[Black "Willison, Steven"]
[Result "1-0"]
[WhiteElo "2184"]
[BlackElo "1936"]
[PlyCount "55"]
[EventDate "2021.10.02"]
[EventType "swiss"]
[EventRounds "9"]
[EventCountry "GBR"]
[SourceTitle "BritBase"]
[Source "John Saunders"]
[SourceDate "2021.06.05"]
[SourceVersion "1"]
[SourceVersionDate "2021.06.05"]
[SourceQuality "1"]

1. e4 c5 2. Nf3 d6 3. Bb5+ Bd7 4. Bxd7+ Nxd7 5. O-O Ngf6 6. Qe2 g6 7. c3 Bg7 8.
d4 O-O 9. e5 Ne8 10. e6 Ndf6 11. exf7+ Rxf7 12. Ng5 Nc7 13. Nxf7 Kxf7 14. dxc5
dxc5 15. Nd2 e6 16. Nf3 Qd5 17. Bf4 Rc8 18. Rad1 Qf5 19. Be5 h6 20. Rfe1 Ncd5
21. c4 Nb4 22. Bxf6 Kxf6 23. Rd7 e5 24. Red1 Bf8 25. g3 e4 26. Nh4 Qe6 27. Qe3
g5 28. Qc3+ 1-0